Music Quiz

Random Music or Billboard Quiz

All Artists With A Top 40 Hit in the 1990s (H) Quiz Stats

 Plays Quiz not verified by Sporcle

Artists are represented by their highest charting song. Artits are NOT given credit for a song that they were "featured" on.
Score 0/27 Timer 06:00
0 Plays Today
Highest '90s Charting Song Artist % Correct
MMMBopHanson
97.3%
I Will Always Love YouWhitney Houston
88.3%
Doo Wop (That Thing)Lauryn Hill
85.3%
This KissFaith Hill
85.1%
Jump AroundHouse Of Pain
84.2%
What Is LoveHaddaway
81%
Only Wanna Be With YouHootie And The Blowfish
75.8%
Damn I Wish I Was Your LoverSophie B. Hawkins
64.4%
All I Wanna Do
Is Make Love To You
Heart
59.5%
Flagpole SittaHarvey Danger
58.2%
How Do You Talk To An AngelThe Heights
48.1%
Now That We Found LoveHeavy D And The Boyz
37%
Sometimes Love Just Ain't EnoughDon Henley (Patty Smyth With…)
36.7%
Freak Like MeAdina Howard
33.2%
Highest '90s Charting Song Artist % Correct
I Miss YouAaron Hall
30.4%
I Like The Way
(The Kissing Game)
Hi-Five
20.7%
So CloseDaryl Hall And John Oates
17.1%
Knockin' Da BootsH-Town
15.2%
The One And OnlyChesney Hawkes
14.9%
A Little LoveCorey Hart
12.5%
My Side Of The BedSusanna Hoffs
12.5%
Tell Me WhenThe Human League
12.2%
Across The RiverBruce Hornsby And The Range
10.3%
If You Think You're Lonely NowK-Ci Hailey (Of Jodeci)
6.5%
Temple Of LoveHarriet
5.2%
It Must Be LoveTy Herndon
4.9%
My Favorite GirlDave Hollister
3.8%

You're not logged in!

Compare scores with friends on all Sporcle quizzes.
Join for Free
OR
Log In

You Might Also Like...

Show Comments

Extras

Top Quizzes Today


Score Distribution

Your Account Isn't Verified!

In order to create a playlist on Sporcle, you need to verify the email address you used during registration. Go to your Sporcle Settings to finish the process.

Report this User

Report this user for behavior that violates our Community Guidelines.

Details: